000 00900cab a22001935a 4500
001 L152436
008 110307e20110205xxk 000 0 eng d
035 _a(Sirsi) u152436
041 0 _aeng
100 1 _aBarnard, Lucy
245 0 0 _aSalary survey 2011
260 _c2011
490 _aEstates Gazette
_v(1105) 5 February 2011, 62-67(5)
520 _aDetails of the 20th annual Estates Gazette-Foundation salary survey compiled after questioning nearly 1 200 property professional about their pay in January 2011. Shows the average property salary is £47 186 making it a third year for salary falls while bonuses also fell slightly by 1.5% since January 2010. The average annual fee income earned per respondent increased 3.1% from the 2010 level to £154 154.
590 _aKA
651 4 _aUnited Kingdom
690 _aMANAGEMENT-BUSINESS MANAGEMENT-HUMAN RESOURCE MANAGEMENT
942 _n0
999 _c82963
_d82963